000 00674nam a2200181Ia 4500
003 GCL
008 140319s9999 xx 000 0 ara d
040 _aGCL /
_cGCL
082 0 4 _aق
_b962.054
_bع ع
100 1 _aعبدالحليم الياس نصير
245 1 0 _aعهد الاستقلال: محالفة الزعفران - لوكارفو معاهدة النحاس - ايدن /
_cعبدالحليم الياس نصير
300 _a118
490 _aكتاب
_v0
650 0 4 _aمحالفة الزعفران - لوكارنو
650 0 4 _aمعاهدة النحاس- ايدن
650 0 4 _aخريطةاقتصادية,الثروات المعدنية
942 _2ddc
_cBK
999 _c43260
_d43260